000 00849nam a2200205 4500
003 LK-CoMWRAF
005 20240118120346.0
008 231213b |||||||| |||| 00| 0 eng d
020 _a9559102702
040 _aLK-CoMWRAF
_dLK-CoMWRAF
_eLK-CoMWRAF
041 _asin
082 _a305.42
_bJAY
100 _aජයවර් ධන , කුමාරි,
245 _aස්ත්‍ර‍ීවාදය හා ජාතික වාදය :
_bතුර් කිය, ඊජිප්තුව සහ ඉරානය
246 _aSthreewadaya ha jathikawadaya : thurkiya, eejipthuwa saha iranaya
260 _aකොළඹ :
_bසමාජ විද්‍යාඥයින්ගේ සංගමය
_c2004
300 _aපි. 72
650 _aස්ත්‍ර‍ීවාදය හා ජාතික වාදය
942 _cBK
999 _c4392
_d4392